[Event "WJun Girls"]
[Site "Yerevan ARM"]
[Date "2006.10.11"]
[Round "8"]
[White "Nadig,K"]
[Black "Karavade,E"]
[Result "0-1"]
[WhiteElo "2184"]
[BlackElo "2321"]
[EventDate "2006.10.03"]

1. e4 c5 2. Nf3 d6 3. d4 cxd4 4. Nxd4 Nf6 5. Nc3 a6 6. Bg5 e6 7. f4 Qb6 8.
Qd2 Qxb2 9. Rb1 Qa3 10. f5 Nc6 11. fxe6 fxe6 12. Nxc6 bxc6 13. Rb3 Qa5 14.
Be2 Be7 15. O-O Ra7 16. Be3 c5 17. Bc4 O-O 18. Qe2 Kh8 19. e5 dxe5 20. Bg5
Qc7 21. Rf3 Bb7 22. Rh3 Qc6 23. Bd3 c4 24. Bxc4 Bc5+ 25. Kh1 Bd4 26. Bxf6
Rxf6 27. Ne4 Rf4 28. Bd3 g6 29. c3 a5 30. Rb1 Rxe4 31. Bxe4 Qxe4 32. Qxe4
Bxe4 33. Re1 Bf5 34. cxd4 Bxh3 35. gxh3 exd4 36. Rxe6 Rd7 37. Re2 Kg7 38.
Kg2 Kf6 39. Kf3 Kf5 40. h4 d3 41. Rd2 h5 42. a4 Rd6 43. h3 Rd4 44. Kf2 Ke4
45. Ke1 Rxa4 46. Rb2 Ke3 47. Re2+ Kf3 48. Rb2 Re4+ 49. Kf1 Rxh4 50. Rb6 g5
51. Rb5 Kf4 0-1

[Event "WJun Girls"]
[Site "Yerevan ARM"]
[Date "2006.10.11"]
[Round "8"]
[White "Kharatyan,A"]
[Black "Martirosyan,L"]
[Result "1-0"]
[WhiteElo "2070"]
[BlackElo "2111"]
[EventDate "2006.10.03"]

1. e4 c6 2. d4 d5 3. e5 Bf5 4. Nf3 e6 5. Be2 Nd7 6. O-O Ne7 7. Be3 Bg4 8.
Nbd2 Nf5 9. Bd3 Be7 10. c3 Qc7 11. h3 Nxe3 12. fxe3 Bh5 13. b3 O-O-O 14. b4
f6 15. exf6 gxf6 16. b5 c5 17. c4 Rdg8 18. Rf2 f5 19. cxd5 f4 20. Nf1 exd5
21. Rc1 fxe3 22. Nxe3 Bh4 23. Rfc2 Qf4 24. Ng4 Bxg4 25. hxg4 Rxg4 26. dxc5
Nf6 27. b6 Qe3+ 28. Kh1 Kb8 29. c6 bxc6 30. bxa7+ Ka8 31. Rxc6 Rgg8 32.
Nxh4 Ng4 33. Qa4 Nf2+ 34. Kh2 Ng4+ 35. Kh1 Nf2+ 36. Kh2 Qg3+ 37. Kg1 Nh3+
38. Kf1 Nf4 39. Rh6 Rc8 40. Rb1 Nxd3 41. Rb8+ Rxb8 42. axb8=Q+ Kxb8 43.
Qb5+ Kc8 44. Rc6+ Kd8 45. Qxd5+ Ke8 46. Re6+ Kf8 47. Qd8+ 1-0

[Event "WJun Girls"]
[Site "Yerevan ARM"]
[Date "2006.10.11"]
[Round "8"]
[White "Zarkua,E"]
[Black "Dolgova,O"]
[Result "1-0"]
[WhiteElo "1920"]
[BlackElo "2259"]
[EventDate "2006.10.03"]

1. d4 Nf6 2. c4 c5 3. d5 e6 4. Nc3 exd5 5. cxd5 d6 6. e4 g6 7. h3 Bg7 8.
Nf3 O-O 9. Bd3 a6 10. a4 Nbd7 11. Bf4 Qe7 12. O-O Ne8 13. Qe2 Nc7 14. Nd2
Ne5 15. Nc4 Nxc4 16. Bxc4 Bd7 17. Rfe1 Rfe8 18. Qd3 g5 19. Bd2 Be5 20. Qe3
h6 21. h4 f6 22. Qe2 Qf7 23. Ra3 Kg7 24. Rb3 Rab8 25. a5 gxh4 26. Nd1 Qg6
27. Kh1 Rg8 28. f4 Bg4 29. Qf2 Bd4 30. Qxh4 Kf7 31. f5 Bxf5 32. Bf1 Bd7 33.
Ne3 Be5 34. Nc4 Bg3 35. Rxg3 Qxg3 36. Qxg3 Rxg3 37. Bf4 Rg4 38. Bxd6 Rc8
39. Nb6 Rcg8 40. Bxc7 Rh4+ 41. Kg1 Re8 42. Nxd7 Re7 43. Nxf6 Rxc7 44. g3
Kxf6 45. e5+ Kg5 46. gxh4+ Kxh4 47. d6 Rg7+ 48. Kh2 1-0

[Event "WJun Girls"]
[Site "Yerevan ARM"]
[Date "2006.10.11"]
[Round "8"]
[White "Muhren,B"]
[Black "Mikadze,M"]
[Result "0-1"]
[WhiteElo "2336"]
[BlackElo "2229"]
[EventDate "2006.10.03"]

1. e4 c6 2. d4 d5 3. exd5 cxd5 4. c4 Nf6 5. Nc3 e6 6. Nf3 Bb4 7. Bd2 O-O 8.
cxd5 Nxd5 9. Bd3 Be7 10. O-O Nc6 11. Rc1 Bf6 12. Be3 Nxe3 13. fxe3 g6 14.
a3 Bg7 15. b4 Ne7 16. Kh1 Nf5 17. Qe2 Bh6 18. Nd1 Bd7 19. Rc3 Rc8 20. e4
Rxc3 21. Nxc3 Ne3 22. Rg1 Qc7 23. Nb1 Ba4 24. Nbd2 Rc8 25. e5 Bd1 26. Qf2
Qc3 27. Be4 Ng4 28. Qh4 Bxd2 29. Rxd1 Qc1 30. Rg1 Be3 31. Qxg4 Bxg1 32.
Nxg1 Qe3 33. Qf3 Qxd4 34. Qd3 Qxe5 35. g3 Rc3 36. Qd8+ Kg7 37. Bxb7 Qe3 38.
Nf3 Rc1+ 39. Kg2 Qe2+ 40. Kh3 Qf1+ 41. Kh4 Rc4+ 42. g4 Qg2 43. Qg5 f6 0-1

[Event "WJun Girls"]
[Site "Yerevan ARM"]
[Date "2006.10.11"]
[Round "8"]
[White "Hamrakulova,Y"]
[Black "Pourkashiyan,A"]
[Result "1/2-1/2"]
[WhiteElo "2209"]
[BlackElo "2330"]
[EventDate "2006.10.03"]

1. d4 d5 2. Nf3 Nf6 3. c4 e6 4. Nc3 Be7 5. Bf4 O-O 6. h3 b6 7. cxd5 Nxd5 8.
Nxd5 Qxd5 9. a3 Na6 10. e3 Bb7 11. Bd3 c5 12. Qa4 Nb8 13. e4 Qd7 14. Bb5
Qd8 15. dxc5 a6 16. Be2 Bxc5 17. O-O b5 18. Qc2 Nd7 19. b4 Be7 20. Rad1 Rc8
21. Qb1 Qe8 22. Ne5 Nxe5 23. Bxe5 f6 24. Bd6 Rd8 25. Bxe7 Qxe7 26. f3 f5
27. Bd3 f4 28. e5 g6 29. Be4 Bd5 30. Rfe1 Bc4 31. Bd3 Bd5 32. Be4 Qb7 33.
Bxd5 Rxd5 34. Rxd5 Qxd5 35. Qe4 Qd2 36. Kh2 Qc3 37. Rd1 Qxa3 38. Rd6 Qa2
39. Qc6 Qf2 40. Rxe6 Qg3+ 41. Kh1 Qe1+ 42. Kh2 Qg3+ 43. Kh1 1/2-1/2

[Event "WJun Girls"]
[Site "Yerevan ARM"]
[Date "2006.10.11"]
[Round "8"]
[White "Gomes,M"]
[Black "Aketaeva,D"]
[Result "1-0"]
[WhiteElo "2264"]
[BlackElo "2312"]
[EventDate "2006.10.03"]

1. Nf3 Nf6 2. c4 g6 3. Nc3 Bg7 4. e4 d6 5. d4 O-O 6. g3 Bg4 7. Bg2 Nc6 8.
h3 Bxf3 9. Bxf3 e5 10. d5 Nd4 11. Bg2 Nd7 12. O-O c5 13. dxc6 bxc6 14. Be3
Rb8 15. Qd2 Qb6 16. b3 Qb4 17. Kh1 a5 18. Na4 Nb6 19. Qxb4 axb4 20. Nb2 Nd7
21. Bxd4 exd4 22. Nd3 Ne5 23. Rfd1 c5 24. Nb2 g5 25. f4 Ng6 26. Nd3 gxf4
27. gxf4 Rfe8 28. Rf1 Nh4 29. Rae1 Ra8 30. Rf2 Ra7 31. e5 Nf5 32. Bc6 Rd8
33. exd6 Rxd6 34. Re8+ Bf8 35. Be4 Ng3+ 36. Kh2 Nxe4 37. Rxe4 Re6 38. Rxe6
fxe6 39. Kg3 Kf7 40. Kf3 Kf6 41. Ke4 Rg7 42. f5 e5 43. Re2 Bd6 44. Nf2 h5
45. Kd5 Bb8 46. Ne4+ Kxf5 47. Rf2+ Kg6 48. Nxc5 Re7 49. Ke4 Bd6 50. Nd3 Rc7
51. Nxe5+ Bxe5 52. Kxe5 Rd7 53. Rd2 d3 54. Ke4 Kg5 55. Rxd3 Ra7 56. c5 Rxa2
57. Kd5 Rc2 58. c6 Kf6 59. Kd6 Kf7 60. Kd7 Kf6 61. c7 1-0

[Event "WJun Girls"]
[Site "Yerevan ARM"]
[Date "2006.10.11"]
[Round "8"]
[White "Aghabekian,L"]
[Black "Alaverdyan,L"]
[Result "1-0"]
[WhiteElo "2179"]
[BlackElo "1954"]
[EventDate "2006.10.03"]

1. e4 c5 2. Nf3 Nc6 3. Bb5 g6 4. O-O Bg7 5. c3 e5 6. d3 h6 7. Nbd2 Qc7 8.
Nc4 Nge7 9. Ne3 O-O 10. h3 Kh7 11. Ba4 d6 12. Bb3 Nd8 13. d4 Be6 14. dxe5
dxe5 15. Nd5 Bxd5 16. exd5 Nf5 17. Re1 f6 18. h4 h5 19. Bc2 Nd6 20. Nxe5
fxe5 21. Qxh5+ Kg8 22. Bxg6 Rf6 23. Bg5 Rxg6 24. Qxg6 N8f7 25. h5 Nxg5 26.
Qxg5 Nf7 27. Qg3 Qd6 28. Re4 Nh6 29. Rae1 Kh8 30. Rd1 Rf8 31. Rd3 Nf5 32.
Qg4 Qh6 33. Qd1 Nd6 34. Rg4 e4 35. Rdg3 Be5 36. Rg6 Qf4 37. Qe1 Kh7 38. Qe3
Nc4 39. Qxf4 Bxf4 40. Rh3 e3 41. fxe3 Bxe3+ 42. Kh2 Bf4+ 43. Kh1 Nd2 44.
Re6 Rf5 45. g3 Be5 46. g4 Rf1+ 47. Kg2 Re1 48. Kf2 Re4 49. Re3 Rf4+ 50. Ke2
Nc4 51. R3xe5 Nxe5 52. Rxe5 Rxg4 53. Re7+ Kh6 54. Rxb7 Rg5 55. c4 Rxh5 56.
d6 Rh4 57. d7 Rd4 58. Rxa7 1-0

[Event "WJun Girls"]
[Site "Yerevan ARM"]
[Date "2006.10.11"]
[Round "8"]
[White "Kalashyan,V"]
[Black "Arutyunova,D"]
[Result "0-1"]
[WhiteElo "2026"]
[BlackElo "2362"]
[EventDate "2006.10.03"]

1. e4 e5 2. Nf3 Nc6 3. Bb5 a6 4. Ba4 Nf6 5. O-O b5 6. Bb3 Be7 7. Re1 O-O 8.
c3 d5 9. exd5 Nxd5 10. Nxe5 Nxe5 11. Rxe5 c6 12. Bxd5 cxd5 13. d4 Bd6 14.
Re1 Qh4 15. g3 Qh3 16. Be3 Bg4 17. Qd3 Rae8 18. Nd2 Re6 19. Qf1 Qh5 20. f4
Rfe8 21. Qf2 Qf5 22. Nf3 f6 23. Nh4 Qd3 24. Ng2 Kf7 25. Rac1 b4 26. Qf1
Rxe3 27. Nxe3 Rxe3 28. Qxd3 Rxd3 29. Rc2 Bf5 30. Kf2 bxc3 31. bxc3 Rxg3 32.
hxg3 Bxc2 33. Re2 Bd3 34. Rb2 Bc4 35. a4 Ba3 36. Rb7+ Kg6 37. Ke1 h5 38.
Kd2 Kh6 39. Rb6 h4 40. gxh4 Kh5 41. Rb7 g6 42. Rf7 Kxh4 43. Rxf6 Kh5 44.
Rb6 Be7 45. Re6 Bh4 46. Rb6 Bg3 47. Rf6 Bh4 48. Rb6 Bd8 49. Re6 Kg4 50.
Rxg6+ Kxf4 51. Re6 Bg5 52. Kc2 Kf3 53. Re8 Be3 54. Rf8+ Ke2 55. Rh8 Bd3+
56. Kb2 Kd2 57. Rh2+ Be2 58. Kb3 Bf4 59. Rg2 Kd3 60. Kb4 Kd2 61. Kc5 Ke3
62. Rg6 Bc4 63. Rg4 Kf3 64. Rh4 Bd2 65. Rh2 Ke3 66. Rh3+ Ke2 67. Kb4 Kd1
68. a5 Bf4 69. Rf3 Bd6+ 70. Ka4 Kc2 71. Rf2+ Kxc3 72. Rc2+ Kd3 73. Rc3+ Ke4
74. Re3+ Kxd4 75. Re4+ Kc5 76. Rh4 Bg3 77. Rg4 Be1 78. Rg5 Bb5+ 79. Kb3
Bxa5 80. Rh5 Bc4+ 81. Kc2 Bd8 82. Rh8 Bf6 83. Rf8 Be5 84. Re8 Kd4 85. Rf8
Bd6 86. Rd8 Bb4 87. Re8 a5 88. Ra8 Kc5 89. Rc8+ Kb5 90. Rb8+ Ka4 91. Rd8
Ka3 92. Rd7 Ka2 93. Rd8 a4 94. Rb8 Bb3+ 95. Kc1 Ba3+ 96. Kd2 Kb2 97. Kd3
Bc5 98. Rb5 a3 99. Rxc5 a2 100. Ra5 a1=Q 101. Rxa1 Kxa1 102. Kc3 Ka2 0-1

[Event "WJun Girls"]
[Site "Yerevan ARM"]
[Date "2006.10.12"]
[Round "9"]
[White "Karavade,E"]
[Black "Melia,S"]
[Result "1/2-1/2"]
[WhiteElo "2321"]
[BlackElo "2395"]
[EventDate "2006.10.03"]

1. Nf3 Nf6 2. d4 e6 3. c4 d5 4. Nc3 Be7 5. Bf4 c5 6. dxc5 Bxc5 7. e3 Nc6 8.
a3 O-O 9. Qc2 Qa5 10. Nd2 Be7 11. Bg3 Bd7 12. Be2 Qd8 13. cxd5 Nxd5 14. Rd1
Nxc3 15. Qxc3 Bf6 16. Qd3 e5 17. Nc4 Be6 18. Qe4 Qc7 19. O-O Rad8 20. b4 b5
21. Nb2 Qb6 22. Nd3 Bd5 23. Qf5 Be6 24. Qe4 Bd5 25. Qf5 Be6 26. Qe4 Bd5
1/2-1/2

[Event "WJun Girls"]
[Site "Yerevan ARM"]
[Date "2006.10.12"]
[Round "9"]
[White "Zhang Jilin"]
[Black "Sachdev,T"]
[Result "1-0"]
[WhiteElo "2292"]
[BlackElo "2383"]
[EventDate "2006.10.03"]

1. e4 c5 2. Nf3 e6 3. d4 cxd4 4. Nxd4 a6 5. Nc3 Qc7 6. Be2 Nf6 7. O-O Nc6
8. Kh1 Bb4 9. Qd3 O-O 10. Bg5 Be7 11. f4 d6 12. Rad1 Ne8 13. Bxe7 Qxe7 14.
e5 d5 15. Na4 Qb4 16. b3 Qxd4 17. Qxd4 Nxd4 18. Rxd4 b5 19. Nc5 Ra7 20. Kg1
Rc7 21. b4 f6 22. Bg4 Rc6 23. c3 Nc7 24. Bd1 Na8 25. a4 bxa4 26. Bxa4 Rc7
27. exf6 Rxf6 28. Bb3 Nb6 29. Ra1 Nd7 30. Nxe6 Rxe6 31. Bxd5 Nf6 32. Bxe6+
Bxe6 33. Rxa6 Kf7 34. Ra3 Bc4 35. Ra5 Bb3 36. b5 Rxc3 37. b6 Ng4 38. Ra1
Be6 39. Rb4 Bd5 40. b7 Rc2 41. b8=Q Rxg2+ 42. Kf1 Nxh2+ 43. Ke1 Nf3+ 44.
Kd1 Rg1+ 45. Ke2 Rxa1 46. Qc7+ Ke6 47. Rb6+ Kf5 48. Qd7+ 1-0

[Event "WJun Girls"]
[Site "Yerevan ARM"]
[Date "2006.10.12"]
[Round "9"]
[White "Andriasian,S"]
[Black "Harika,D"]
[Result "0-1"]
[WhiteElo "2264"]
[BlackElo "2353"]
[EventDate "2006.10.03"]

1. e4 c5 2. Nf3 Nc6 3. d4 cxd4 4. Nxd4 Nf6 5. Nc3 e5 6. Ndb5 d6 7. Bg5 a6
8. Na3 b5 9. Nd5 Be7 10. Nxe7 Nxe7 11. Bxf6 gxf6 12. c4 Bb7 13. Bd3 Rg8 14.
O-O bxc4 15. Nxc4 d5 16. exd5 Qxd5 17. Be4 Rxg2+ 18. Kh1 Rxf2 19. Bxd5
Bxd5+ 20. Kg1 Rg2+ 21. Kh1 Rd2+ 22. Kg1 Rxd1 23. Raxd1 Bxc4 24. Rxf6 Bxa2
25. Rh6 Ng6 26. Rxh7 Ke7 27. Rh3 Be6 28. Rc3 Nf4 29. Kf2 Rh8 30. Rc7+ Kf6
31. Ra7 Rxh2+ 32. Ke3 Re2+ 33. Kf3 Kf5 0-1

[Event "WJun Girls"]
[Site "Yerevan ARM"]
[Date "2006.10.12"]
[Round "9"]
[White "Mongontuul,B"]
[Black "Mikadze,M"]
[Result "1-0"]
[WhiteElo "2383"]
[BlackElo "2229"]
[EventDate "2006.10.03"]

1. e4 d5 2. exd5 Qxd5 3. Nc3 Qa5 4. d4 Nf6 5. Bc4 c6 6. Nge2 Bf5 7. O-O e6
8. Ng3 Bg6 9. f4 Nbd7 10. f5 exf5 11. Qe2+ Kd8 12. Bd2 Qb6 13. Nxf5 Bxf5
14. Rxf5 Bd6 15. Bxf7 Qxd4+ 16. Kh1 Qg4 17. Qd3 Kc7 18. Rg5 Ne5 19. Nb5+
cxb5 20. Qc3+ Nc6 21. Rxg4 Nxg4 22. Qxg7 Nge5 23. Be8+ 1-0

[Event "WJun Girls"]
[Site "Yerevan ARM"]
[Date "2006.10.12"]
[Round "9"]
[White "Videnova,I"]
[Black "Solic,K"]
[Result "1/2-1/2"]
[WhiteElo "2141"]
[BlackElo "2129"]
[EventDate "2006.10.03"]

1. c4 e6 2. Nf3 Nf6 3. g3 d5 4. Bg2 dxc4 5. Qa4+ Nbd7 6. O-O a6 7. Qxc4 b5
8. Qc6 Rb8 9. d4 Bb7 10. Qc2 c5 11. dxc5 Bxc5 12. a3 O-O 13. b4 Be7 14.
Nbd2 Rc8 15. Qb1 Nb6 16. Bb2 Na4 17. Bd4 Nd5 18. Qd3 Ndc3 19. Rfc1 Bf6 20.
Bf1 Bxd4 21. Qxd4 Qxd4 22. Nxd4 Rfd8 23. N2f3 Bd5 24. e3 f6 25. Nd2 e5 26.
Ne2 Nxe2+ 27. Bxe2 Nc3 1/2-1/2

[Event "WJun Girls"]
[Site "Yerevan ARM"]
[Date "2006.10.12"]
[Round "9"]
[White "Dolgova,O"]
[Black "Buttner,N"]
[Result "1-0"]
[WhiteElo "2259"]
[BlackElo "2068"]
[EventDate "2006.10.03"]

1. d4 Nf6 2. c4 e6 3. Nf3 b6 4. a3 Bb7 5. Nc3 d5 6. cxd5 Nxd5 7. Qc2 Nxc3
8. bxc3 Be7 9. e4 O-O 10. Bd3 c5 11. Bb2 Qc8 12. Qe2 Ba6 13. O-O Bxd3 14.
Qxd3 Nd7 15. Rfe1 cxd4 16. cxd4 Rd8 17. h4 Qb7 18. Re3 Rac8 19. Qe2 Qc7 20.
Rc1 Qb7 21. Rd1 Qc7 22. Rd2 Qc4 23. Qd1 Qb5 24. a4 Qa5 25. d5 exd5 26. exd5
Bf6 27. Nd4 Ne5 28. Nb3 Qxa4 29. Bxe5 Bxe5 30. Rxe5 Qxh4 31. Nd4 g6 32. Nc6
Qf4 33. Ree2 1-0

[Event "WJun Girls"]
[Site "Yerevan ARM"]
[Date "2006.10.12"]
[Round "9"]
[White "Topel,Z"]
[Black "Darbinian,N"]
[Result "1-0"]
[WhiteElo "2256"]
[BlackElo "2079"]
[EventDate "2006.10.03"]

1. d4 Nf6 2. c4 e6 3. Nc3 Bb4 4. Qc2 c5 5. dxc5 O-O 6. a3 Bxc5 7. Nf3 b6 8.
Bf4 Bb7 9. Rd1 a6 10. h3 Be7 11. e4 Ne8 12. Be2 d6 13. O-O Qc7 14. Rd2 Nc6
15. Rfd1 f6 16. Be3 Rb8 17. b4 Bc8 18. Qb3 Rf7 19. Nd4 Nxd4 20. Bxd4 Bf8
21. Bg4 Kh8 22. Be3 g6 23. Ne2 f5 24. exf5 exf5 25. Bf3 Be6 26. Bd5 Bxd5
27. cxd5 Qb7 28. Nf4 Bg7 29. Ne6 Be5 30. Rc2 f4 31. Bd4 Bxd4 32. Rxd4 Rc8
33. Rxc8 Qxc8 34. Rc4 Qd7 35. Qc3+ Kg8 36. Rc8 h6 37. Rd8 Qa4 38. Qc6 1-0

[Event "WJun Girls"]
[Site "Yerevan ARM"]
[Date "2006.10.12"]
[Round "9"]
[White "Arutyunova,D"]
[Black "Papadopoulou,V"]
[Result "1/2-1/2"]
[WhiteElo "2362"]
[BlackElo "2246"]
[EventDate "2006.10.03"]

1. e4 c5 2. Nf3 d6 3. d4 cxd4 4. Nxd4 Nf6 5. Nc3 a6 6. f3 e5 7. Nb3 Be6 8.
Be3 Nbd7 9. Qd2 Be7 10. g4 b5 11. g5 Nh5 12. Nd5 Bxd5 13. exd5 b4 14. a3 a5
15. axb4 axb4 16. Rxa8 Qxa8 17. Bb5 f5 18. Bc6 Qc8 19. Qxb4 O-O 20. O-O f4
21. Ba7 Nb8 22. Qb7 Qxb7 23. Bxb7 Bxg5 24. Nd2 Nf6 25. Ra1 Nbd7 26. Bc6 Rc8
27. Nc4 Nb8 28. Nxd6 Rf8 29. Bxb8 Rxb8 30. b4 h5 31. b5 e4 32. fxe4 Ng4 33.
Nc4 f3 34. Ra8 Rxa8 35. Bxa8 Bf6 36. e5 Nxe5 37. Nxe5 Bxe5 38. Kf2 Bxh2 39.
b6 Kf8 40. c4 Bd6 41. Kxf3 Ke7 42. Bc6 Kd8 43. b7 1/2-1/2

[Event "WJun Girls"]
[Site "Yerevan ARM"]
[Date "2006.10.12"]
[Round "9"]
[White "Hamrakulova,Y"]
[Black "Hoang Thi Bao Tram"]
[Result "1/2-1/2"]
[WhiteElo "2209"]
[BlackElo "2345"]
[EventDate "2006.10.03"]

1. d4 d5 2. Nf3 Nf6 3. c4 c6 4. e3 g6 5. Nc3 Bg7 6. Bd3 O-O 7. O-O Bf5 8.
Ne5 Bxd3 9. Qxd3 e6 10. e4 dxe4 11. Nxe4 Nxe4 12. Qxe4 Nd7 13. Bf4 Nf6 14.
Qe3 Nh5 15. Rfd1 Nxf4 16. Qxf4 Qe7 17. Rd3 Rad8 18. Rad1 Qb4 19. b3 Qa5 20.
a4 Bxe5 21. Qxe5 Qb4 22. h4 h5 23. Rg3 Kh7 24. Rdd3 Qe7 25. d5 cxd5 26.
cxd5 Rd6 27. dxe6 Rxe6 28. Qg5 Rc8 29. Qxe7 Rxe7 30. Rge3 Rc1+ 31. Kh2 Rec7
32. Re5 a6 33. Red5 Kg7 34. Rd7 R1c2 35. Rxc7 Rxc7 36. Rd6 Re7 1/2-1/2

[Event "WJun Girls"]
[Site "Yerevan ARM"]
[Date "2006.10.12"]
[Round "9"]
[White "Pourkashiyan,A"]
[Black "Nadig,K"]
[Result "1-0"]
[WhiteElo "2330"]
[BlackElo "2184"]
[EventDate "2006.10.03"]

1. e4 c5 2. Nf3 Nc6 3. d4 cxd4 4. Nxd4 Nf6 5. Nc3 e5 6. Ndb5 d6 7. Bg5 a6
8. Na3 b5 9. Nd5 Be7 10. Bxf6 Bxf6 11. c3 Bg5 12. Nc2 Ne7 13. Ncb4 O-O 14.
Be2 a5 15. Nxe7+ Qxe7 16. Nd5 Qb7 17. Qd3 f5 18. Bf3 Kh8 19. O-O Be6 20.
exf5 Bxf5 21. Be4 Bxe4 22. Qxe4 Rf4 23. Qd3 Rc4 24. Rad1 Re8 25. Qf5 Rc5
26. b4 axb4 27. cxb4 Rxd5 28. Qe4 Qa6 29. Rxd5 Qxa2 30. Rxd6 Bf6 31. Qc6
Rb8 32. Rxf6 gxf6 33. Qxf6+ Kg8 34. Qg5+ Kf8 35. Qxe5 Rb7 36. Re1 1-0

[Event "WJun Girls"]
[Site "Yerevan ARM"]
[Date "2006.10.12"]
[Round "9"]
[White "Frisk,E"]
[Black "Kadziolka,B"]
[Result "1/2-1/2"]
[WhiteElo "2025"]
[BlackElo "2346"]
[EventDate "2006.10.03"]

1. e4 c5 2. Nf3 d6 3. d4 cxd4 4. Nxd4 Nf6 5. Nc3 a6 6. Be3 e5 7. Nb3 Be7 8.
f3 Be6 9. Qd2 h5 10. O-O-O Nbd7 11. Rg1 Rc8 12. Kb1 Nb6 13. Qf2 Nc4 14.
Bxc4 Rxc4 15. Qd2 b5 16. Bg5 b4 17. Bxf6 Bxf6 18. Nd5 O-O 19. Nxf6+ Qxf6
20. Qxd6 Rfc8 21. Rd2 Rxc2 22. Rxc2 Rxc2 23. Qxb4 Bxb3 24. Qxb3 Rd2 25. Qc3
Qd6 26. a3 g6 27. h3 h4 28. Kc1 Rd4 29. Kb1 Rd2 30. Kc1 Rf2 31. Kb1 Rd2
1/2-1/2

[Event "WJun Girls"]
[Site "Yerevan ARM"]
[Date "2006.10.12"]
[Round "9"]
[White "Hou Yifan"]
[Black "Gomes,M"]
[Result "1/2-1/2"]
[WhiteElo "2481"]
[BlackElo "2264"]
[EventDate "2006.10.03"]

1. e4 c5 2. Nf3 Nc6 3. Bb5 g6 4. O-O Bg7 5. Re1 Nf6 6. e5 Nd5 7. Nc3 Nc7 8.
Bxc6 dxc6 9. Ne4 b6 10. Nf6+ Kf8 11. Ne4 Bg4 12. d3 Ne6 13. Ned2 Qd5 14. h3
Bxf3 15. Nxf3 Rd8 16. Be3 h6 17. Qe2 Kg8 18. Rad1 Bxe5 19. c4 Qd6 20. Bxc5
Bh2+ 21. Nxh2 Qxc5 22. Nf3 Kg7 23. Qe4 Rd6 24. a3 Rhd8 25. g4 a5 26. Ne5 a4
27. h4 Nd4 28. Kg2 Rf6 29. Re3 Ne6 30. Kg3 Rd6 31. Nf3 Nd4 32. Ne5 Nc2 33.
Re2 Nd4 34. Ree1 Ne6 35. f3 Rf4 36. Qe3 Qxe3 37. Rxe3 Rfd4 38. Rde1 Nc5 39.
g5 hxg5 40. hxg5 Nxd3 41. Nxd3 Rxd3 42. Rxe7 Rd7 43. Re8 Rd8 44. R8e7 Rb3
45. R1e6 Kf8 46. Re4 Kg7 47. Rf4 Rf8 48. Rf6 Rxb2 49. Rxc6 Rb3 50. Ra7 Rxa3
51. Rxb6 Ra1 52. Rba6 Rc8 53. Rf6 Rf8 54. Rc6 a3 55. Rcc7 a2 56. Kf4 Kg8
57. c5 Rb8 58. Ra4 Kg7 59. Rca7 Rc1 60. Rxa2 1/2-1/2

[Event "WJun Girls"]
[Site "Yerevan ARM"]
[Date "2006.10.12"]
[Round "9"]
[White "Muhren,B"]
[Black "Kharatyan,A"]
[Result "1-0"]
[WhiteElo "2336"]
[BlackElo "2070"]
[EventDate "2006.10.03"]

1. e4 e5 2. Nf3 d6 3. d4 Nd7 4. Nc3 Be7 5. Bc4 c6 6. a4 b6 7. O-O Ngf6 8.
Re1 O-O 9. h3 Bb7 10. Ba2 a6 11. dxe5 dxe5 12. Nh4 b5 13. Qf3 Nxe4 14. Nxe4
Bxh4 15. Nd6 Bf6 16. Nxb7 Qc7 17. axb5 axb5 18. Bxf7+ Kxf7 19. Qb3+ Ke7 20.
Na5 Nb6 21. Bd2 Rfd8 22. Qe3 Kf7 23. Nb3 Nc4 24. Qe2 Rxa1 25. Rxa1 Qd6 26.
Bc3 Kg8 27. Re1 h6 28. Nc1 Re8 29. Rd1 Qe7 30. Qe4 c5 31. Nd3 Kh8 32. Re1
Nb6 33. Nxe5 Bxe5 34. Bxe5 Kg8 35. Qc6 Qe6 36. Qxb5 Qg6 37. Qxc5 Kh7 38.
Bc3 Na4 39. Qb4 Rxe1+ 40. Bxe1 Qxc2 41. Bc3 Qd1+ 42. Kh2 Qd7 43. g3 Nxc3
44. Qxc3 h5 45. h4 Qb5 46. b4 g5 47. Qc7+ Kh8 48. Qd8+ Kh7 49. Qe7+ Kh8 50.
Qf6+ Kh7 51. hxg5 h4 52. g6+ Kh6 53. g7+ Kh7 54. Qxh4+ Kxg7 55. Qd4+ Kh6
56. Qc5 1-0

[Event "WJun Girls"]
[Site "Yerevan ARM"]
[Date "2006.10.12"]
[Round "9"]
[White "Aketaeva,D"]
[Black "Zarkua,E"]
[Result "1/2-1/2"]
[WhiteElo "2312"]
[BlackElo "1920"]
[EventDate "2006.10.03"]

1. e4 c5 2. Nf3 d6 3. d4 cxd4 4. Nxd4 Nf6 5. Nc3 Nc6 6. Be2 e5 7. Nf3 h6 8.
O-O Be6 9. Re1 Be7 10. h3 O-O 11. Bf1 Qd7 12. b3 a6 13. a4 Bd8 14. Ba3 Ba5
15. Nd5 Bxe1 16. Nxf6+ gxf6 17. Nxe1 Kh7 18. Qh5 Rg8 19. Rd1 Nd4 20. Bc1
Rg6 21. f4 f5 22. fxe5 dxe5 23. exf5 Bxf5 24. c3 Bg4 25. hxg4 Nf3+ 26. Nxf3
Qxd1 27. Be3 e4 28. Ng5+ Kg8 29. Nxf7 Kxf7 30. Qf5+ Rf6 31. Qh7+ Ke6 32.
Qxe4+ Kd6 33. Bc5+ Kxc5 34. Qe5+ Qd5 35. Qxf6 Qxb3 36. Be2 Qxa4 37. Qe7+
Kb6 38. Bf3 Rb8 39. Qe3+ Kc7 40. Qc5+ Kd7 41. Qd5+ Kc7 42. Qe5+ Kc8 43. Be4
Qd1+ 44. Kh2 b5 45. Qe6+ Kc7 46. Qc6+ Kd8 47. Bd5 Qe1 48. Qd6+ Kc8 49.
Qxa6+ Kc7 50. Qa7+ Kc8 51. Qc5+ Kd8 52. Qd6+ Kc8 53. Be6+ Kb7 54. Qd7+ Kb6
55. Qd6+ Kb7 56. Qd5+ Kb6 57. Qd4+ Kb7 1/2-1/2

[Event "WJun Girls"]
[Site "Yerevan ARM"]
[Date "2006.10.12"]
[Round "9"]
[White "Darbinyan,A"]
[Black "Aghabekian,L"]
[Result "0-1"]
[WhiteElo "2102"]
[BlackElo "2179"]
[EventDate "2006.10.03"]

1. b4 e5 2. Bb2 f6 3. b5 d5 4. e3 Be6 5. Nf3 Bd6 6. Be2 Ne7 7. d3 O-O 8.
O-O Nd7 9. Nbd2 Qe8 10. c4 c6 11. bxc6 bxc6 12. Nb3 Qf7 13. Rc1 Rac8 14.
Qd2 Bb8 15. Na5 Nb6 16. cxd5 cxd5 17. Ba3 Rfe8 18. Qb4 Nf5 19. Nc6 Bd6 20.
Qa5 Nc4 21. dxc4 Bxa3 22. Qxa3 Rxc6 23. Qa4 Rec8 24. Nd2 dxc4 25. Ne4 Nh4
26. Rfe1 Qg6 27. Ng3 Qf7 28. Rc3 Qb7 29. e4 Ng6 30. Rec1 Qf7 31. h3 Nf4 32.
Bf1 R6c7 33. Kh2 g6 34. f3 Kg7 35. Nh1 Nd3 36. Rb1 Nc5 37. Qc2 Nb7 38. Nf2
Nd6 39. Nd1 a6 40. a4 Rb7 41. Ne3 Rxb1 42. Qxb1 Qc7 43. Be2 Qa5 44. Qc2 Qb4
45. g3 Qc5 46. f4 exf4 47. gxf4 Qd4 48. f5 Nxe4 49. fxe6 Nxc3 50. Ng4 Qf4+
51. Kg1 Qc1+ 0-1

[Event "WJun Girls"]
[Site "Yerevan ARM"]
[Date "2006.10.12"]
[Round "9"]
[White "Priya,P"]
[Black "Alaverdyan,L"]
[Result "1/2-1/2"]
[WhiteElo "2128"]
[BlackElo "1954"]
[EventDate "2006.10.03"]

1. e4 c5 2. c3 d5 3. exd5 Qxd5 4. d4 Nc6 5. Nf3 cxd4 6. cxd4 e5 7. Nc3 Bb4
8. Bd2 Bxc3 9. Bxc3 e4 10. Ne5 Nxe5 11. dxe5 Ne7 12. Qa4+ Bd7 13. Qa3 Qe6
14. Rd1 O-O 15. Rd6 Qf5 16. Be2 Be6 17. O-O Nd5 18. Bd4 Qg5 19. Re1 Rac8
20. Qg3 Qd2 21. Bc3 Qf4 22. Qxf4 Nxf4 23. Bb5 Bxa2 24. Rxe4 Nd5 25. Ra4
Nxc3 26. bxc3 Bb3 27. Rxa7 Rxc3 28. h3 Rc5 1/2-1/2

[Event "WJun Girls"]
[Site "Yerevan ARM"]
[Date "2006.10.13"]
[Round "10"]
[White "Melia,S"]
[Black "Zhang Jilin"]
[Result "1/2-1/2"]
[WhiteElo "2395"]
[BlackElo "2292"]
[EventDate "2006.10.03"]

1. e4 c5 2. Nf3 d6 3. c3 Nf6 4. h3 g6 5. Bd3 Bg7 6. Bc2 O-O 7. O-O b6 8. d4
Bb7 9. Re1 cxd4 10. cxd4 Nc6 11. Nc3 e5 12. Be3 Rc8 13. d5 Ne7 14. Bd3 a6
15. a4 Nd7 16. Qe2 a5 17. Ba6 Bxa6 18. Qxa6 Nc5 19. Qb5 Kh8 20. Rab1 Ng8
21. Bxc5 Rxc5 22. Qd3 Bh6 23. b4 axb4 24. Rxb4 f5 25. Reb1 Qc7 26. Nb5 Qd7
27. Nc3 1/2-1/2

[Event "WJun Girls"]
[Site "Yerevan ARM"]
[Date "2006.10.13"]
[Round "10"]
[White "Sachdev,T"]
[Black "Purtseladze,M"]
[Result "1-0"]
[WhiteElo "2383"]
[BlackElo "2329"]
[EventDate "2006.10.03"]

1. d4 Nf6 2. c4 e6 3. Nf3 b6 4. g3 Ba6 5. b3 Bb4+ 6. Bd2 Be7 7. Bg2 c6 8.
Bc3 d5 9. Ne5 Nfd7 10. Nxd7 Nxd7 11. Nd2 O-O 12. O-O Rc8 13. e4 dxe4 14.
Nxe4 b5 15. c5 b4 16. Bxb4 Bxf1 17. Bxf1 Nf6 18. Nxf6+ Bxf6 19. Bc3 Qd7 20.
Qd3 Rfd8 21. Rd1 Qb7 22. f4 Rd7 23. Qe4 Rcd8 24. Bc4 a5 25. a3 h6 26. h4 h5
27. Rd3 Rd5 28. Bxd5 exd5 29. Qe2 Ra8 30. Bb2 g6 31. f5 Qd7 32. fxg6 fxg6
33. Re3 Kg7 34. Kg2 Rf8 35. Bc3 Rf7 36. Re6 Qc7 37. Qe3 Re7 38. Rxe7+ Bxe7
39. Bd2 Bf6 40. Qh6+ Kg8 41. Qxg6+ Qg7 42. Qe8+ Kh7 43. Qxh5+ Kg8 44. Bh6
Qe7 45. Qg4+ Kf7 46. Bd2 1-0